| 000 | 00340nam a2200145Ia 4500 | ||
|---|---|---|---|
| 008 | 230312s9999||||xx |||||||||||||| ||und|| | ||
| 020 | _a0471209503 | ||
| 082 |
_a006.787 _bDEM-S |
||
| 100 | _aTickoo,Sham | ||
| 245 | 0 | _aAutocad LT 2009 | |
| 260 |
_bWiley _aUSA _c2003 |
||
| 300 | _a343 | ||
| 650 |
_aComputer _vElectronic Book |
||
| 942 | _cBK | ||
| 999 |
_c17315 _d17315 |
||